Legal method. / (Record no. 9657)
[ view plain ]
| 000 -LEADER | |
|---|---|
| fixed length control field | 00910nam a22002657a 4500 |
| 003 - CONTROL NUMBER IDENTIFIER | |
| control field | OSt |
| 005 - DATE AND TIME OF LATEST TRANSACTION | |
| control field | 20230606090447.0 |
| 008 - FIXED-LENGTH DATA ELEMENTS--GENERAL INFORMATION | |
| fixed length control field | 140916b xxu||||| |||| 00| 0 eng d |
| 020 ## - INTERNATIONAL STANDARD BOOK NUMBER | |
| International Standard Book Number | 9780230285682 |
| 040 ## - CATALOGING SOURCE | |
| Transcribing agency | WIUC-GH |
| 050 ## - LIBRARY OF CONGRESS CALL NUMBER | |
| Classification number | KD640.M47 |
| 100 ## - MAIN ENTRY--PERSONAL NAME | |
| Personal name | McLeod, Ian |
| 9 (RLIN) | 1581 |
| 245 ## - TITLE STATEMENT | |
| Title | Legal method. / |
| Statement of responsibility, etc. | Ian McLeod |
| 250 ## - EDITION STATEMENT | |
| Edition statement | 8th ed. |
| 260 ## - PUBLICATION, DISTRIBUTION, ETC. | |
| Place of publication, distribution, etc. | London : |
| Name of publisher, distributor, etc. | Palrave Macmillan, |
| Date of publication, distribution, etc. | 2011. |
| 300 ## - PHYSICAL DESCRIPTION | |
| Extent | xxi 317 p. |
| 490 ## - SERIES STATEMENT | |
| Materials specified | Palgrave Macmillan law master's |
| 500 ## - GENERAL NOTE | |
| General note | Includes index |
| 505 ## - FORMATTED CONTENTS NOTE | |
| Formatted contents note | Contents: An introduction to law and legal reasoning -- The classification of English law - The jurisdictions of the principal English courts -- |
| 650 ## - SUBJECT ADDED ENTRY--TOPICAL TERM | |
| Topical term or geographic name entry element | Law -- Great Britain -- Methodology |
| 9 (RLIN) | 1582 |
| 650 ## - SUBJECT ADDED ENTRY--TOPICAL TERM | |
| Source of heading or term | Law -- Great Britain -- Interpretation and construction |
| 650 ## - SUBJECT ADDED ENTRY--TOPICAL TERM | |
| Topical term or geographic name entry element | Law -- Great Britain -- Language |
| 9 (RLIN) | 1583 |
| 650 ## - SUBJECT ADDED ENTRY--TOPICAL TERM | |
| Topical term or geographic name entry element | Law -- Methodology |
| 9 (RLIN) | 1584 |
| 942 ## - ADDED ENTRY ELEMENTS (KOHA) | |
| Source of classification or shelving scheme | Library of Congress Classification |
| Koha item type | Books |
| Withdrawn status | Lost status | Source of classification or shelving scheme | Damaged status | Not for loan | Home library | Current library | Shelving location | Date acquired | Total Checkouts | Full call number | Barcode | Date last seen | Copy number | Price effective from | Koha item type |
|---|---|---|---|---|---|---|---|---|---|---|---|---|---|---|---|
| Library of Congress Classification | WISCONSIN INTERNATIONAL UNIVERSITY COLLEGE, GHANA KUMASI LIBRARY | WISCONSIN INTERNATIONAL UNIVERSITY COLLEGE, GHANA KUMASI LIBRARY | Law Library | 24/05/2023 | KD640.M47(8e) | KSL/1801/064/23 | 06/06/2023 | 1 | 06/06/2023 | Books | |||||
| Library of Congress Classification | WISCONSIN INTERNATIONAL UNIVERSITY COLLEGE, GHANA KUMASI LIBRARY | WISCONSIN INTERNATIONAL UNIVERSITY COLLEGE, GHANA KUMASI LIBRARY | Law Library | 24/05/2023 | KD640.M471(8e) | KSL/1802/065/23 | 06/06/2023 | 2 | 06/06/2023 | Books | |||||
| Library of Congress Classification | WISCONSIN INTERNATIONAL UNIVERSITY COLLEGE, GHANA KUMASI LIBRARY | WISCONSIN INTERNATIONAL UNIVERSITY COLLEGE, GHANA KUMASI LIBRARY | Law Library | 24/05/2023 | KD640.M472(8e) | KSL/1803/066/23 | 06/06/2023 | 3 | 06/06/2023 | Books | |||||
| Library of Congress Classification | WISCONSIN INTERNATIONAL UNIVERSITY COLLEGE, GHANA KUMASI LIBRARY | WISCONSIN INTERNATIONAL UNIVERSITY COLLEGE, GHANA KUMASI LIBRARY | Law Library | 24/05/2023 | KD640.M473(8e) | KSL/1804/067/23 | 06/06/2023 | 4 | 06/06/2023 | Books | |||||
| Library of Congress Classification | WISCONSIN INTERNATIONAL UNIVERSITY COLLEGE, GHANA KUMASI LIBRARY | WISCONSIN INTERNATIONAL UNIVERSITY COLLEGE, GHANA KUMASI LIBRARY | Law Library | 24/05/2023 | KD640.M474(8e) | KSL/1805/068/23 | 06/06/2023 | 5 | 06/06/2023 | Books | |||||
| Library of Congress Classification | WISCONSIN INTERNATIONAL UNIVERSITY COLLEGE, GHANA KUMASI LIBRARY | WISCONSIN INTERNATIONAL UNIVERSITY COLLEGE, GHANA KUMASI LIBRARY | Law Library | 24/05/2023 | KD640.M475(8e) | KSL/1806/069/23 | 06/06/2023 | 6 | 06/06/2023 | Books |
